UBT Library

Art history / (Record no. 41818)

000 -LEADER
fixed length control field 00940cam a2200253 i 4500
001 - CONTROL NUMBER
control field 17377973
005 - DATE AND TIME OF LATEST TRANSACTION
control field 20180205090413.0
008 - FIXED-LENGTH DATA ELEMENTS--GENERAL INFORMATION
fixed length control field 120709s2013 njuab b 001 0 eng
010 ## - LIBRARY OF CONGRESS CONTROL NUMBER
LC control number 2012027450
020 ## - INTERNATIONAL STANDARD BOOK NUMBER
International Standard Book Number 9780205873470 (pbk.)
020 ## - INTERNATIONAL STANDARD BOOK NUMBER
International Standard Book Number 0205873472 (pbk.)
040 ## - CATALOGING SOURCE
Original cataloging agency DLC
Language of cataloging eng
Transcribing agency DLC
Description conventions rda
Modifying agency DLC
041 ## - LANGUAGE CODE
Language code of text/sound track or separate title eng
042 ## - AUTHENTICATION CODE
Authentication code pcc
080 ## - UNIVERSAL DECIMAL CLASSIFICATION NUMBER
Universal Decimal Classification number 709 MAR
082 00 - DEWEY DECIMAL CLASSIFICATION NUMBER
Classification number 709 MAR
Edition number 23
100 1# - Rafti
Rafti 44
101 ## - Shkurtesa
Shkurtesa ART
245 10 - TITLE STATEMENT
Title Art history /
Statement of responsibility, etc Marilyn Stokstad, Judith Harris Murphy Distinguished Professor of Art History Emerita, The University of Kansas, Michael W. Cothren, Scheuer Family Professor of Humanities, Department of Art, Swarthmore College.
504 ## - BIBLIOGRAPHY, ETC. NOTE
Bibliography, etc Includes bibliographical references (pages 1147-1162) and index.
906 ## - LOCAL DATA ELEMENT F, LDF (RLIN)
a 7
b cbc
c orignew
d 1
e ecip
f 20
g y-gencatlg
942 ## - ADDED ENTRY ELEMENTS (KOHA)
Source of classification or shelving scheme
Item type Books
Holdings
Withdrawn status Lost status Source of classification or shelving scheme Damaged status Not for loan Collection code Permanent location Current location Shelving location Date acquired Total Checkouts Full call number Barcode Date last seen Price effective from Koha item type
          Koleksioni i përgjithshem UBT - Lipjan UBT - Lipjan Koleksioni i përgjithshem 02/05/2018   709 MAR 002-2997569 02/05/2018 02/05/2018 Books
UBT Library © 2015-2024. All rights reserved University Education for Business and Technology